000 00319nam a22001337a 4500
008 170419b xxu||||| |||| 00| 0 eng d
020 _a9780312258573
041 _aeng
080 _23RD
_a573
100 _a11
101 _aSHM
245 _aWRITING PAPERS IN THE BIOLOGICAL SCIENCES
_cMCMILLAN, V.E
942 _2udc
_cBK
999 _c11233
_d11233